000 00953nam a2200253 i 4500
001 11215
003 ES-MaACL
005 20250927164143.0
008 960221s1995 sp ||||1| spa d
020 _a84-01-37551-7
080 _a32 Fernández Miranda, Torcuato
080 _a32(460)"1975/1976"
100 1 _aFernández-Miranda Lozana, Pilar.
_949930
245 1 0 _aLo que el Rey me ha pedido
_b: Torcuato Fernández-Miranda y la reforma política /
_cPilar Fernández-Miranda Lozana, Alfonso Fernández-Miranda Campoamor.
250 _a5ª ed.
260 _aBarcelona :
_bPlaza & Janés,
_c1995.
300 _a395 p., [32] p. de lám. ;
_c22 cm.
504 _aBibliografía : p. 377-[386]
600 1 4 _aFernández-Miranda, Torcuato,
_d1915-1980
_9171853
651 4 _aEspaña-
_xPolítica y gobierno-
_y1975-1982.
_98447
700 1 _aFernández-Miranda Campoamor, Alfonso.
_949929
852 _aES-MaACL
_jL-18501
999 _c11215
_d11215